Introducción al derecho laboral

সংরক্ষণ করুন:
গ্রন্থ-পঞ্জীর বিবরন
প্রধান লেখক: Cabanellas de las Cuevas, Guillermo (Author)
বিন্যাস: গ্রন্থ
ভাষা:স্প্যানিশ
প্রকাশিত: Buenos Aires Bibiográfica Omeba 1960
বিষয়গুলি:
ট্যাগগুলো: ট্যাগ যুক্ত করুন
কোনো ট্যাগ নেই, প্রথমজন হিসাবে ট্যাগ করুন!

MARC

LEADER 00000nam a2200000 a 4500
001 UCY6751
003 CL-VaPUC
005 20200319224527.0
008 950602e19600000AG |||||||||||||||||spa|d
999 |c 234271  |d 234269 
040 |c Pontificia Universidad Católica de Valparaíso 
082 0 4 |a 344.01 CAB 1960  |2 21 
100 0 |a Cabanellas de las Cuevas, Guillermo  |e author  |9 336811 
245 1 0 |a Introducción al derecho laboral 
260 |a Buenos Aires  |b Bibiográfica Omeba  |c 1960 
300 |a 2 volúmenes 
583 |a last modification  |c 20170711 04:20:48  |k Rodrigo Vera 
650 7 |a DERECHO LABORAL  |2 CL-VaPUC  |9 15 
650 7 |a CONTRATOS DE TRABAJO  |2 CL-VaPUC  |9 336812 
942 |c BK  |2 ddc 
945 |d 19950602 00:00:00  |a aalvarez 
952 |0 0  |1 0  |4 0  |6 344_010000000000000_CAB_1960  |7 0  |8 A  |9 240364  |a BIBDER  |b BIBDER  |d 2019-11-18  |h v.1  |i 2001527  |l 1  |o 344.01 CAB 1960  |p 2001527  |r 2023-01-25  |s 2022-06-22  |w 2019-11-18  |y BK  |k DER 
952 |0 0  |1 0  |4 0  |6 344_010000000000000_CAB_1960  |7 0  |8 A  |9 240365  |a BIBDER  |b BIBDER  |d 2019-11-18  |h v.2  |i 2001519  |l 1  |o 344.01 CAB 1960  |p 2001519  |r 2023-01-25  |s 2022-06-22  |w 2019-11-18  |y BK  |k DER